|
|
|
|
| LEADER |
03670nam a2200445Ia 4500 |
| 001 |
bslw09176721 |
| 003 |
UtOrBLW |
| 005 |
20131224090258.0 |
| 006 |
m o d |
| 007 |
cr un||||||||| |
| 008 |
131224s2013 enka o 001 0 eng d |
| 020 |
|
|
|a 9781781906873 (electronic bk.) :
|c £77.95 ; <U+0080>105.95 ; $134.95
|
| 040 |
|
|
|a UtOrBLW
|c UtOrBLW
|d GrThAP
|
| 043 |
|
|
|a u-at---
|
| 050 |
|
4 |
|a LA2108
|b .S44 2013
|
| 072 |
|
7 |
|a JNM
|2 bicssc
|
| 072 |
|
7 |
|a JN
|2 bicssc
|
| 072 |
|
7 |
|a EDU020000
|2 bisacsh
|
| 072 |
|
7 |
|a EDU015000
|2 bisacsh
|
| 072 |
|
7 |
|a EDU000000
|2 bisacsh
|
| 080 |
|
|
|a 378
|
| 082 |
0 |
4 |
|a 378.94
|2 23
|
| 245 |
0 |
0 |
|a Seeding success in indigenous Australian higher education
|h [electronic resource] /
|c edited by Rhonda G. Craven, Janet Mooney.
|
| 260 |
|
|
|a Bingley, U.K. :
|b Emerald,
|c 2013.
|
| 300 |
|
|
|a 1 online resource (xvii, 350 p.) :
|b ill.
|
| 490 |
1 |
|
|a Diversity in higher education,
|x 1479-3644 ;
|v v. 14
|
| 500 |
|
|
|a Includes index.
|
| 505 |
0 |
|
|a Seeding success in indigenous Australian higher education : indigenous Australian students' participation in higher education and potential ways forward / Rhonda G. Craven, Anthony Dillon -- Racism, aboriginal and Torres Strait islander identities, and higher education : reviewing the burden of epistemological and other racisms / Gawaian Bodkin-Andrews, Bronwyn Carlson -- The role of academic buoyancy in aboriginal/indigenous students educational intentions : sowing the early seeds of success for post-school education and training / Andrew J. Martin ... [et al.] -- Harnessing the power of motivational factors for optimizing the educational success of remote indigenous students : a cross-cultural study / Dennis M. McInerney, Ronnel B. King -- AIM(E) for completing school and university : analysing the strength of the Australian indigenous mentoring experience / Gawaian Bodkin-Andrews ... [et al.] -- Stop, collaborate and listen : a guide to seeding success for indigenous higher degree research students / Michelle Trudgett -- Negotiating racism : the voices of aboriginal Australian post-graduate students / Gawaian Bodkin-Andrews, Rhonda G. Craven -- Peer support : mentoring responsive and trusting relationships / Juanita Sherwood, Nicole Watson, Stacey Lighton -- Aboriginal women and higher education : a pilot study of what drives and sustains mature-age aboriginal women to study at university / Jennifer Flood -- Indigenous standpoint and university corporate identity : transforming an organizational culture / Steven Larkin -- Embedding aboriginal cultural knowledge in curriculum at university level through aboriginal community engagement / Lynette Riley ... [et al.] -- Indigenous students in medical education : seeding success in motivating doctors to serve underserved indigenous communities / Alexander Seeshing Yeung ... [et al.] -- Shifting the emphasis : embedding and reflecting on introducing aboriginal studies and perspectives / Janet Mooney, Sarah Jane Moore -- A critical analysis of core aboriginal studies subjects / Janet Mooney, Rhonda G. Craven.
|
| 650 |
|
7 |
|a Education
|x Multicultural Education.
|2 bisacsh
|
| 650 |
|
7 |
|a Education
|x Higher.
|2 bisacsh
|
| 650 |
|
7 |
|a Education
|x General.
|2 bisacsh
|
| 650 |
|
7 |
|a "Higher & further education, tertiary education".
|2 bicssc
|
| 650 |
|
7 |
|a Education.
|2 bicssc
|
| 650 |
|
0 |
|a Education, Higher
|z Australia.
|
| 650 |
|
0 |
|a Universities and colleges
|z Australia.
|
| 700 |
1 |
|
|a Craven, Rhonda.
|
| 700 |
1 |
|
|a Mooney, Janet.
|
| 776 |
1 |
|
|z 9781781906866
|
| 830 |
|
0 |
|a Diversity in higher education ;
|v v. 14.
|
| 856 |
4 |
0 |
|u http://www.emeraldinsight.com/books.htm?issn=1479-3644&volume=14
|z Full Text via HEAL-Link
|